Metodología y Ciencia Social /

Bibliographic Details
Main Author: Cerroni, Umberto (autor)
Format: Kit
Language:Spanish
Published: Barcelona: Martínez Roca, 1977.
Edition:Primera edición
Series:Novocurso
Subjects:

MARC

LEADER 00000cac a2200000 i 4500
003 Ucuenca
005 20231212063156.0
006 a||||gr|||| 001 0
007 ta
008 980071t19771971sp ||||gr|||||||1|||spa|a
999 |c 13389  |d 13389 
020 |a 84-270-0077-4 
040 |b spa  |a UCuenca-cdrjbv  |c UCuenca  |e rda 
041 |a spa 
082 0 |2 21  |a 001.4  |c 60557 
100 1 |9 7620  |a Cerroni, Umberto.  |e autor 
240 1 0 |a Metodologia e scienza sociale  |l Italiano 
245 0 0 |a Metodología y Ciencia Social /   |c Umberto Cerroni. 
250 |a Primera edición 
264 1 |a Barcelona:   |b Martínez Roca,   |c 1977. 
264 4 |c ©1971 
300 |a 200 páginas:  |c 20 cm 
336 |2 rdacontent  |a texto  |b txt 
337 |2 rdamedia  |a no mediado  |b n 
338 |2 rdacarrier  |a volumen  |b nc 
490 |a Novocurso 
505 1 |a Posibilidad de una ciencia social -- Conocimiento científico y derecho -- Ciencia económica e ideología. 
650 1 7 |2 UCuenca-cdrjbv  |a Investigación  |9 10521 
650 1 7 |2 UCuenca-cdrjbv  |a Investigación social  |9 7516 
650 1 7 |2 UCuenca-cdrjbv  |a Positivismo  |9 6456 
650 1 4 |a Sociología  |9 183 
852 |a UC-CDJBV 
942 |2 ddc  |c CR  |r luz.vázquez@ucuenca.edu.ec  |0 1